Cyclisme: coureurs au départ du Tour de France 2024 - Statistiques

Statistiques générales
  • Ce quiz a été pris 2 190 fois
  • Le résultat moyen est 67 sur 176
Statistiques - réponses
Dos UAE Team Emirates % Correct
1 Jonas Vingegaard
98%
11 Tadej Pogacar
96%
8 Wout Van Aert
91%
18 Adam Yates
90%
21 Simon Yates
90%
81 Primoz Roglic
86%
71 Remco Evenepoel
86%
101 Mathieu Van der Poel
85%
91 David Gaudu
83%
141 Guillaume Martin
83%
181 Romain Bardet
83%
106 Jasper Philipsen
81%
12 João Almeida
78%
172 Biniam Girmay
77%
31 Carlos Rodriguez
75%
111 Richard Carapaz
75%
168 Cristian Rodriguez
74%
45 Mads Pedersen
73%
76 Casper Pedersen
72%
13 Juan Ayuso
72%
3 Matteo Jorgenson
72%
74 Mikel Landa
71%
151 Enric Mas
70%
51 Felix Gall
70%
37 Geraint Thomas
70%
191 Mark Cavendish
70%
121 Arnaud De Lie
67%
5 Christophe Laporte
67%
161 Kevin Vauquelin
67%
96 Lenny Martinez
67%
32 Egan Bernal
66%
41 Giulio Ciccone
65%
14 Nils Politt
63%
84 Jai Hindley
61%
95 Valentin Madouas
61%
217 Anthony Turgis
60%
36 Tom Pidcock
60%
15 Pavel Sivakov
59%
88 Aleksandr Vlasov
58%
16 Marc Soler
58%
2 Tiesj Benoot
56%
182 Warren Barguil
56%
115 Ben Healy
53%
202 Jonas Abrahamsen
53%
61 Pello Bilbao
53%
94 Stefan Küng
53%
143 Bryan Coquard
52%
4 Wilco Kelderman
52%
196 Alexey Lutsenko
49%
164 Arnaud Démare
49%
118 Marijn Van den Berg
49%
93 Romain Grégoire
49%
17 Tim Wellens
49%
187 Frank Van den Broek
47%
66 Matej Mohorič
47%
123 Victor Campenaerts
47%
135 Derek Gee
46%
23 Dylan Groenewegen
46%
185 Fabio Jakobsen
44%
201 Magnus Cort Nielsen
44%
171 Louis Meintjes
43%
26 Michael Matthews
43%
42 Julien Bernard
42%
64 Santiago Buitrago
42%
204 Tobias Halland Johannessen
42%
116 Neilson Powless
41%
52 Bruno Armirail
40%
211 Steff Cras
40%
77 Ilan Van Wilder
39%
146 Ion Izagirre
39%
7 Jan Tratnik
39%
55 Paul Lapeira
39%
97 Quentin Pacher
39%
148 Axel Zingle
38%
205 Alexander Kristoff
37%
35 Michal Kwiatkowski
37%
126 Maxim Van Gils
36%
53 Sam Bennett
36%
34 Laurens De Plus
35%
47 Jasper Stuyven
34%
212 Mathieu Burgaudeau
34%
6 Bart Lemmen
33%
33 Jonathan Castroviejo
33%
67 Wout Poels
32%
136 Hugo Houle
31%
197 Michael Morkov
31%
128 Brent Van Moer
30%
92 Kevin Geniets
30%
155 Oier Lazkano
30%
87 Danny van Poppel
29%
63 Phil Bauhaus
29%
73 Yves Lampaert
29%
72 Jan Hirt
28%
112 Alberto Bettiol
27%
152 Alex Aranburu
27%
145 Jesus Herrada
27%
218 Matteo Vercher
27%
105 Axel Laurance
26%
85 Bob Jungels
26%
54 Dorian Godon
26%
174 Hugo Page
26%
216 Jordan Jegat
26%
24 Chris Harper
25%
57 Nans Peters
25%
132 Pascal Ackermann
25%
147 Alexis Renard
24%
38 Ben Turner
24%
163 Clément Champoussin
24%
98 Clément Russo
24%
65 Jack Haig
24%
56 Oliver Naesen
24%
48 Carlos Verona
23%
193 Cees Bol
23%
154 Fernando Gaviria
23%
102 Silvan Dillier
23%
144 Simon Geschke
23%
104 Søren Kragh Andersen
23%
134 Jakob Fuglsang
22%
83 Marco Haller
22%
58 Nicolas Prodhomme
22%
186 Oscar Onley
22%
131 Stephen Williams
22%
75 Gianni Moscon
21%
198 Harold Tejada
21%
78 Louis Vervaeke
21%
86 Matteo Sobrero
21%
213 Sandy Dujardin
21%
108 Gianni Vermeersch
20%
158 Javier Romo
20%
114 Rui Costa
20%
68 Fred Wright
19%
22 Luke Durbridge
19%
157 Nelson Oliveira
19%
117 Sean Quinn
19%
113 Stefan Bissegger
19%
25 Christopher Juul-Jensen
18%
192 Davide Ballerini
18%
178 Georg Zimmermann
18%
183 John Degenkolb
18%
167 Luca Mozzato
18%
82 Nico Denz
18%
43 Tim Declercq
18%
177 Gerben Thijssen
17%
107 Jonas Rickaert
17%
27 Luka Mezgec
17%
176 Mike Teunissen
17%
165 Raúl Garcia Pierna
17%
46 Toms Skujins
17%
194 Yevgeniy Fedorov
17%
215 Fabien Grellier
16%
175 Laurenz Rex
16%
62 Nikias Arndt
16%
214 Thomas Gachignard
16%
162 Amaury Capiot
15%
166 Daniel McLay
15%
207 Rasmus Tiller
14%
44 Ryan Gibbons
14%
208 Søren Wærenskjold
14%
137 Krists Neilands
13%
153 Davide Formolo
12%
28 Elmar Reinders
12%
156 Gregor Muhlberger
12%
133 Guillaume Boivin
12%
206 Johannes Kulset
11%
173 Kobe Goossens
11%
188 Bram Welten
10%
127 Harm Vanhoucke
10%
138 Jake Stewart
10%
195 Michele Gazzoli
10%
203 Odd Christian Eiking
10%
142 Piet Allegaert
10%
103 Robbe Ghys
10%
125 Sébastien Grignard
10%
122 Cédric Beullens
9%
124 Jarrad Drizners
9%
184 Nils Eekhoff
8%
Aucun quiz correspondant
Distribution des résultats
% des personnes avec chaque résultat
Percentile par nombre de réponses
Votre historique - résultats
Vous n’avez pas pris ce quiz